Stolice Europy - Statystyki

Ogólne statystyki
  • Ten quiz został rozwiązany 28 razy
  • Średni wynik to 37 z 44
Statystyki odpowiedzi
Państwo Stolica % Poprawnych
Belgia Bruksela
96%
Dania Kopenhaga
96%
Hiszpania Madryt
96%
Białoruś Mińsk
96%
Czechy Praga
96%
Bułgaria Sofia
96%
Albania Tirana
96%
Austria Wiedeń
96%
Chorwacja Zagrzeb
96%
Holandia Amsterdam
92%
Grecja Ateny
92%
Niemcy Berlin
92%
Irlandia Dublin
92%
Francja Paryż
92%
Estonia tallin
92%
Andora Andora
88%
Rosja Moskwa
88%
Włochy Rzym
88%
San Marino San Marino
88%
Szwecja Sztokholm
88%
Polska Warszawa
88%
Rumunia Bukareszt
85%
Finlandia Helsinki
85%
Ukraina Kijów
85%
Portugalia Lizbona
85%
Wielka Brytania Londyn
85%
Litwa Wilno
85%
Słowacja Bratysława
81%
Węgry Budapeszt
81%
Monako Monako
81%
Norwegia Oslo
81%
Łotwa Ryga
81%
Bośnia i Hercegowina Sarajewo
81%
Watykan Watykan
81%
Serbia Belgrad
73%
Szwajcaria Berno
73%
Luksemburg Luksemburg
73%
Czarnogóra Podgorica
73%
Macedonia Skopje
73%
Liechtenstein Vaduz
73%
Malta Valletta
73%
Mołdawia Kiszyniów
69%
Słowenia Lublana
69%
Islandia Rejkiawik
38%
Nie znaleziono quizów pasujących do podanych kryteriów
Rozkład punktacji
Procent ludzi z każdym wynikiem
Percentyl według liczby udzielonych odpowiedzi
Twoja historia wyników
Nie rozwiązałeś tego quizu